ბათუმის შოთა რუსთაველის სახელმწიფო უნივერსიტეტის ბიბლიოთეკა

სასოფლო სამეურნეო ცხოველთა აღწარმოებისა და პროდუქტიულობის გაზრდის ზოოტექნიკური საფუძვლები / (ბიბ.ჩანაწერი № 38482)

000 -ლიდერი
ფიქსირებული სიგრძის საკონტროლო ველი 01575nam a2200253Ia 4500
001 - საკონტროლო ნომერი
საკონტროლო ველი 4495
003 - საკონტროლო ნომრის იდენტიფიკატორი
საკონტროლო ველი GE_BSU
005 - ბოლო ოპერაციის თარიღი და დრო
საკონტროლო ველი 20191016164816.0
008 - ფიქსირებული სიგრძის მონაცემთა ელემენტები - ზოგადი ინფორმაცია
ფიქსირებული სიგრძის საკონტროლო ველი 181216s2012||||ge |||||||||||||| ||geo||
040 ## - კატალოგიზაციის წყარო
Transcribing agency GE_BSU
041 ## - ენის კოდი
Language code of text/sound track or separate title geo
080 ## - უნივერსალური ათობითი კლასიფიკაციის ინდექსი
Universal Decimal Classification number 636 ხ–33
100 ## - მთავარი ჩანაწერი - პიროვნების სახელი
Personal name ხაჭაპურიძე, ელიოზ
9 (RLIN) 4766
245 ## - ცნობა სათაურის შესახებ
Title სასოფლო სამეურნეო ცხოველთა აღწარმოებისა და პროდუქტიულობის გაზრდის ზოოტექნიკური საფუძვლები /
Statement of responsibility, etc რედ. თინა გელაშვილი.
264 ## - წარმოების, გამოცემის, დისტრიბუციის და სხვა ცნობები
გამოცემის, წარმოების, დისტრიბუციის... ადგილი ახალციხე :
გამოცემის, წარმოების, დისტრიბუციის... სახელწოდება გამ–ბა ახალციხის უნ–ტი,
გამოცემის, წარმოების, დისტრიბუციის... თარიღი 2012.
300 ## - ფიზიკური აღწერა
Extent 256 გვ. :
Other physical details ცხრ., ილ. ;
Dimensions 19 სმ.
653 ## - INDEX TERM--UNCONTROLLED
Uncontrolled term სასოფლო-სამეურნეო ცხოველების მოშენება
700 ## - ADDED ENTRY--PERSONAL NAME
Personal name კობალაძე, კობა
Relator term ავტორი
9 (RLIN) 4767
700 ## - ADDED ENTRY--PERSONAL NAME
Personal name გელაშვილი, თინა
Relator term რედაქტორი
9 (RLIN) 4768
710 ## - ADDED ENTRY--CORPORATE NAME
Corporate name or jurisdiction name as entry element შვეიცარიის განვითარებისა და თანამშრომლობის სააგენტო მერსი ქორფსი
9 (RLIN) 4769
710 ## - ADDED ENTRY--CORPORATE NAME
Corporate name or jurisdiction name as entry element ახალციხის სახელმწ. სასწავლო უნ-ტი
9 (RLIN) 4770
710 ## - ADDED ENTRY--CORPORATE NAME
Corporate name or jurisdiction name as entry element ს/მ განვითარების საერთაშ. ასოციაცია;
9 (RLIN) 4771
942 ## - ADDED ENTRY ELEMENTS (KOHA)
Koha item type წიგნი
Source of classification or shelving scheme
ეგზემპლარები
ჩამოწერის სტატუსი დაკარგული ეგზემპლარის სტატუსი კლასიფიკაციის წყარო ან თაროზე გაწყობის სქემა დაზიანების სტატუსი არ გაიცემა მუდმივი მდებარეობა (დაცვის ადგილი) ამჟამინდელი ადგილსამყოფელი თაროზე განთავსების ადგილი შეძენის თარიღი სრული შენახვის შიფრი შტრიხკოდი ბოლო ოპერაციის თარიღი ეგზემპლარის მიმდევრობითი ნომერი (კეტერი?) ფასის ძალაში შესვლის თარიღი ეგზემპლარის სახეობა საჯარო შენიშვნა
          ბათუმის შოთა რუსთაველის სახელმწიფო უნივერსიტეტის მთავარი ბიბლიოთეკა ბათუმის შოთა რუსთაველის სახელმწიფო უნივერსიტეტის მთავარი ბიბლიოთეკა წიგნსაცავი 2018-12-17 636 ხ–33 6067 2018-12-17 6067 2018-12-17 წიგნი